Statistics for Integrity> Tracklist (Jme)

Click here to take the quiz!

General Stats

  • This quiz has been taken 4 times
  • The average score is 7 of 16

Answer Stats

HintAnswer% Correct
16Integrity
100%
296 F**kries
67%
5Game
67%
13Man Don't Care
67%
15Test Me
67%
8Again
33%
7Amen
33%
9Break You Down
33%
12Calm
33%
14Don't @ Me
33%
11No You Ain't
33%
1Pulse 8
33%
6Same Thing
33%
3Taking Over
33%
10The Money
33%
4Work
33%

Score Distribution

Percentile by Number Answered

Percent of People with Each Score

Your Score History

You have not taken this quiz